Normal view
MARC view
Entry Personal Name
001 - CONTROL NUMBER
- control field: 28687
003 - CONTROL NUMBER IDENTIFIER
- control field: OSt
005 - DATE AND TIME OF LATEST TRANSACTION
- control field: 20211102143649.0
008 - FIXED-LENGTH DATA ELEMENTS
- fixed length control field: 211102|| aca||aabn | a|a d
040 ## - CATALOGING SOURCE
- Original cataloging agency: OSt
- Transcribing agency: OSt
100 ## - HEADING--PERSONAL NAME
- Personal name: Ahmed, M., Singh, S. and Bhaduri, A.
670 ## - SOURCE DATA FOUND
- Source citation: Work cat.: (OSt)518218: Ahmed, M., Singh, S. and Bhaduri, A. , A case study of a weekly women’s market in an urban space: Mahila Bazaar
